Представление документа в формате RUSMARC

ПолеНазваниеЗначение
  Тип записи a
  Библиографический уровень c
001 Контрольный номер RU/SLIB/B/208781813
005 Дата корректировки 20220513123513.9
010 Индекс ISBN __
d Цена 1-60
101 Язык документа 0_
a Язык текста rus
200 Заглавие и сведения об ответственности 0_
a Заглавие Повести и рассказы
f Первые сведения об ответственности В. Г. Короленко
b Общее обозначение материала Текст
210 Выходные данные 1_
a Место издания М.
c Издательство Худож. лит.
d Дата издания 1983
215 Физическое описание __
a Объем 352 с.
225 Серия 2_
a Серия Классики и современники
i Наименование части Русская классическая литература
606 Тематические рубрики __
a Основная рубрика Художественная литература
z Хронологическая подрубрика 20 в.
y Географическая подрубрика Россия
606 Тематические рубрики __
a Основная рубрика Русская литература XIX в. (произведения)
610 Ключевые слова 0_
a Ключевые слова проза; прозаики; повести; рассказы
686 Индексы других классификаций __
a Классификационный индекс 84(2=411.2)53-4 ; ст84(2Рос=Рус)1-4
700 Автор _1
a Фамилия Короленко
b Имя В. Г.
4 Код отношения 070
801 Источник записи _0
a Страна RU
b Организация Муниципальное бюджетное учреждение культуры "Централизованная библиотечная система" г. Сургут (Центральная городская библиотека им. А. С. Пушкина)
g Правила каталогизации КиК/Чорнонос Е.В.
801 Источник записи _1
a Страна RU
b Организация Муниципальное бюджетное учреждение культуры "Централизованная библиотечная система" г. Сургут (Центральная городская библиотека им. А. С. Пушкина)
g Правила каталогизации КиК/Чорнонос Е.В.
852 Данные о местонахождении __
j Шифр хранения 84(2=411.2)53-4
i Авторский знак К 68
p Инвентарный номер 18080
901 Тип документа __
t Тип документа x
969 Тип издания __
a Тип издания сборник
990 Данные о заказе (DOS) __
j Количество экземпляров (DOS) 1
t N записи в КСУ для И/У (DOS) ретро